000 01170pab a2200169 454500
008 180718b2003 xxu||||| |||| 00| 0 eng d
100 _aSharma, Radha R.
245 _aOrganisational commitment and motivation among managerial staff
260 _c2003
300 _ap.251-57.
362 _aJul-Sep
520 _aOrganisational Commitment (OC) is an intense positive orientation towards an orbganisation, one's identification with it, viewing the organisation's goal as one's own and overstretching oneself to achieve the same. Motivation, a driving force for goal directed activity and OC, exerts considerable influence on various aspects of work performance and withdrawal behaviour. The present study is an attempt to explore determinants of organisational commitment and motivation from among 11 organisational variables. Based on a sample of 254 middle level managers from a high performing organisation, the study reveals that job content and scope for advancement are critical determinants of organisational commitment and work motivation. - Reproduced.
650 _aOrganizations
700 _aSharma, Baldev R.
773 _aProductivity
909 _a59675
999 _c59675
_d59675